Logos Polytechnikos

Uložené v:
Podrobná bibliografia
Médium: Seriál
Jazyk:Czech
Vydavateľské údaje: Jihlava Vysoká škola polytechnická 2017
Tagy: Pridať tag
Žiadne tagy, Buďte prvý, kto otaguje tento záznam!

MARC

LEADER 00000nas2a2200000 4500
001 0236947
005 20171031100948.6
022 |a 1804-3682 
041 0 |a cze 
044 |a CZ 
245 1 0 |a Logos Polytechnikos 
264 1 |a Jihlava  |b Vysoká škola polytechnická  |c 2017 
773 0 |w eu_un_cat*0162083